Sports Quiz

Random Sports or NBA Quiz

Random NBA Facts For KOT4Q (Hard) Quiz Stats

 Plays Quiz not verified by Sporcle

Challenge
Share
Tweet
Embed
Score 0/20 Timer 10:00
0 Plays Today
Hint Answer % Correct
What sport did Draymond Green try before basketball?Football
72.2%
What sport did Tim Duncan do before basketball?Swimming
50%
What team blew a 3-1 lead to teh Houston Rockets in 2014Los Angeles Clippers
40.3%
Which NBA Player still drives a 1997 Chevy Tahoe despite having a multi-million dollar contract? Kawhi Leonard
40.3%
Which NBA player supposedly killed a lion with a spear?Manute Bol
38.9%
What is Ray Allen's first nameWalter
34.7%
Who led the league in blocks in 2015-2016Hassan Whiteside
29.2%
Who's brother, Trayce, plays baseball for the Los Angeles Dodgers?Klay Thompson
22.2%
Which current Nets player has a condition called Situs Inversus, where a person's internal organs are mirrored?Randy Foye
16.7%
What Player wore #9 for the 2013 Miami Heat Championship team?Rashard Lewis
9.7%
Hint Answer % Correct
Who is the all-time rebound leader for the Denver Nuggets?Dan Issel
6.9%
What college did Anthony Morrow go to?Georgia Tech
6.9%
Which current Spurs player is missing half of his right ring finger?Davis Bertans
6.9%
Who did Lonzo Ball say is the best rapper of all time?Lil Wayne
5.6%
Who did Dwight Howard give the nickname 'Crib Midget' to?Jameer Nelson
5.6%
Which NBA PF was also a pitcher for the Chicago White Sox?Dave DeBusschere
4.2%
Which current Orlando Magic player wears #20?Jodie Meeks
4.2%
What was Damian Lillard's first studio album called?The Letter O
2.8%
Which current NBA rookie who plays for the Washington Wizards went to the University of Miami?Sheldon McClellan
0%
Which rapper sang 'Im like Lebron in this S**t, Came back on that 3-1, who would though that ill be the one'Meek Mill
0%

You're not logged in!

Compare scores with friends on all Sporcle quizzes.
Join for Free
OR
Log In

You Might Also Like...

Show Comments

Extras

Created May 29, 2017ReportNominate
Tags:NBA Quiz, hard, KOT4Q

Top Quizzes Today


Score Distribution

Your Account Isn't Verified!

In order to create a playlist on Sporcle, you need to verify the email address you used during registration. Go to your Sporcle Settings to finish the process.

Report this User

Report this user for behavior that violates our Community Guidelines.

Details: